[Event "Titled Tuesday intern op 20th May Late"]
[Site "Chess.com INT"]
[Date "2025.05.20"]
[Round "4"]
[White "Duarte Cramer, Lily Jeanette"]
[Black "Mohammed, Dilshad"]
[Result "0-1"]
[WhiteElo "1828"]
[BlackElo "2079"]
[PlyCount "104"]
[EventDate "2025.05.20"]
[EventType "swiss (blitz)"]
[EventRounds "11"]
[EventCountry "USA"]
[SourceTitle "CB22_2025"]
[SourceDate "2025.05.28"]
[SourceVersion "1"]
[SourceVersionDate "2025.05.28"]
[SourceQuality "1"]

1. d4 Nf6 2. c4 g6 3. Nc3 Bg7 4. e4 d6 5. Nf3 0-0 6. Be2 e5 7. Be3 Ng4 8. Bg5 f6 9. Bc1 f5 10. dxe5 dxe5 11. Nd2 Nxf2 12. Kxf2 fxe4+ 13. Nf3 exf3 14. Bxf3 Qxd1 15. Rxd1 c6 16. Ne4 Bf5 17. Nd6 e4 18. Be2 Be5 19. Nxf5 gxf5 20. Bh6 Bg7 21. Bf4 Na6 22. Rd7 Nc5 23. Rxg7+ Kxg7 24. Bd6 Ne6 25. Bxf8+ Rxf8 26. Rd1 f4 27. Bg4 e3+ 28. Ke2 Nc5 29. b4 Ne4 30. Rd7+ Rf7 31. Rxf7+ Kxf7 32. Bc8 Nd6 33. Bg4 Nxc4 34. Kf3 Ne5+ 35. Kxf4 Nxg4 36. Kf3 h5 37. h3 Nf6 38. Kxe3 Ke6 39. Kf4 Kd5 40. Kg5 Ke5 41. Kg6 b6 42. Kf7 c5 43. bxc5 bxc5 44. Ke7 c4 45. Kd8 c3 46. Kc7 c2 47. Kb7 a5 48. Ka8 c1Q 49. a4 Qb2 50. g4 Nd7 51. Ka7 Qb6+ 52. Ka8 Qa6# 0-1

[Event "Titled Tuesday intern op 20th May Late"]
[Site "Chess.com INT"]
[Date "2025.05.20"]
[Round "2"]
[White "Mohammed, Dilshad"]
[Black "Alazmi, Amani"]
[Result "0-1"]
[WhiteElo "2079"]
[BlackElo "1725"]
[PlyCount "78"]
[EventDate "2025.05.20"]
[EventType "swiss (blitz)"]
[EventRounds "11"]
[EventCountry "USA"]
[SourceTitle "CB22_2025"]
[SourceDate "2025.05.28"]
[SourceVersion "1"]
[SourceVersionDate "2025.05.28"]
[SourceQuality "1"]

1. d4 d5 2. e4 dxe4 3. Nc3 Nf6 4. Bg5 Nbd7 5. Nge2 h6 6. Bh4 g5 7. Bg3 Bg7 8. Nb5 0-0 9. Bxc7 Qe8 10. h4 g4 11. Bf4 Qd8 12. Nc7 Rb8 13. Nc3 Nh5 14. N7d5 Nxf4 15. Nxf4 Nf6 16. Bc4 Qc7 17. Ng6 Qxc4 18. Nxf8 Kxf8 19. Qd2 Bf5 20. Qf4 Qc8 21. 0-0-0 h5 22. Kb1 b5 23. f3 b4 24. Nxe4 Nd5 25. Qg5 Bxe4 26. fxe4 Nc3+ 27. bxc3 bxc3+ 28. Ka1 Rb2 29. Qa5 Bh6 30. Rhf1 Qc4 31. e5 Be3 32. d5 Bb6 33. Qa3 Bc5 34. Qa5 Bb6 35. Qa3 Bc5 36. Rf4 Qxf4 37. Qxc5 Qa4 38. a3 Qxc2 39. Qc4 Qxd1# 0-1

[Event "Titled Tuesday intern op 20th May Late"]
[Site "Chess.com INT"]
[Date "2025.05.20"]
[Round "1"]
[White "Ragger, Markus"]
[Black "Mohammed, Dilshad"]
[Result "1-0"]
[WhiteElo "2566"]
[BlackElo "2079"]
[PlyCount "77"]
[EventDate "2025.05.20"]
[EventType "swiss (blitz)"]
[EventRounds "11"]
[EventCountry "USA"]
[SourceTitle "CB22_2025"]
[SourceDate "2025.05.28"]
[SourceVersion "1"]
[SourceVersionDate "2025.05.28"]
[SourceQuality "1"]

1. d4 d5 2. c4 e6 3. Nf3 Nf6 4. g3 Be7 5. Bg2 0-0 6. 0-0 c6 7. Qc2 a6 8. Nbd2 b5 9. b3 Bb7 10. e4 dxe4 11. Nxe4 Nbd7 12. Rd1 Nxe4 13. Qxe4 Nf6 14. Qe2 Qa5 15. Bd2 Qc7 16. Bf4 Bd6 17. Bxd6 Qxd6 18. c5 Qc7 19. Qe5 Rac8 20. Qxc7 Rxc7 21. Ne5 Rd8 22. f4 Nd5 23. Bxd5 exd5 24. Kf2 Bc8 25. Re1 f6 26. Nf3 Bf5 27. a4 Be4 28. Nd2 f5 29. axb5 axb5 30. Ra6 Rcc8 31. Rea1 Re8 32. Ra7 Bd3 33. Nf3 Re2+ 34. Kg1 Be4 35. Ne5 Rg2+ 36. Kf1 Rxh2 37. R1a6 b4 38. Rxc6 Rxc6 39. Ra8+ 1-0

[Event "Titled Tuesday intern op 11th Feb Early"]
[Site "Chess.com INT"]
[Date "2025.02.11"]
[Round "9"]
[White "Mohammed, Dilshad"]
[Black "Kohler, Aran"]
[Result "1-0"]
[WhiteElo "2079"]
[BlackElo "2060"]
[PlyCount "93"]
[EventDate "2025.02.11"]
[EventType "swiss (blitz)"]
[EventRounds "11"]
[EventCountry "USA"]
[SourceTitle "CB08_2025"]
[SourceDate "2025.02.19"]
[SourceVersion "1"]
[SourceVersionDate "2025.02.19"]
[SourceQuality "1"]

1. Nf3 c6 2. c4 d5 3. e3 Nf6 4. Nc3 Bg4 5. cxd5 Nxd5 6. Qb3 Bxf3 7. gxf3 Nxc3 8. dxc3 Qb6 9. Qc2 Nd7 10. e4 g6 11. Be3 Qc7 12. Bd4 e5 13. Be3 Bg7 14. 0-0-0 0-0 15. h4 h5 16. Rg1 Kh7 17. Bc4 b5 18. Be2 Rad8 19. Bg5 f6 20. Be3 Rfe8 21. Rg2 Nf8 22. Rdg1 Qf7 23. Kb1 a6 24. Bc5 Ne6 25. Be3 Nf8 26. Bc5 Ne6 27. Bb6 Rd7 28. Rxg6 Qxg6 29. Rxg6 Kxg6 30. Be3 Bh6 31. Qc1 Nf4 32. Bxf4 Bxf4 33. Qg1+ Kh6 34. Bd1 Rg7 35. Qf1 Rd8 36. Bc2 Rd2 37. a3 Bh2 38. Qh3 Rg1+ 39. Ka2 Bf4 40. Bb3 Rxf2 41. Qf5 Rg6 42. Bf7 Rgg2 43. Qxf6+ Kh7 44. Be6 Rxb2+ 45. Ka1 Ra2+ 46. Bxa2 Rb2 47. Kxb2 1-0

[Event "Titled Tuesday intern op 10th Sep Early"]
[Site "Chess,com INT"]
[Date "2024.09.10"]
[Round "1"]
[White "Altini, Nicola"]
[Black "Mohammed, Dilshad"]
[Result "1-0"]
[WhiteElo "2374"]
[BlackElo "2078"]
[PlyCount "63"]
[EventDate "2024.09.10"]
[EventType "swiss (blitz)"]
[EventRounds "11"]
[EventCountry "USA"]
[SourceTitle "EXT 2025"]
[Source "ChessBase"]
[SourceDate "2024.10.14"]
[SourceVersion "1"]
[SourceVersionDate "2024.10.14"]
[SourceQuality "1"]

1. d4 d5 2. c4 e6 3. Nc3 c6 4. Nf3 Nf6 5. g3 Bb4 6. Bg2 Bxc3+ 7. bxc3 Ne4 8. Nd2 Nxd2 9. Bxd2 0-0 10. Qb3 Nd7 11. cxd5 exd5 12. c4 dxc4 13. Qxc4 Nb6 14. Qd3 Be6 15. a4 Bc4 16. Qc2 Re8 17. Be3 Nd5 18. Qxc4 Rxe3 19. 0-0 Rc3 20. Qa2 Nb4 21. Qd2 Rc4 22. e3 a5 23. Rfc1 Rxc1+ 24. Rxc1 Qd6 25. h4 g6 26. h5 Rd8 27. Qe2 Qe6 28. Rc5 b6 29. Re5 Qb3 30. Qf3 Qxa4 31. Qf6 Qd1+ 32. Kh2 1-0

[Event "Titled Tuesday intern op 10th Sep Early"]
[Site "Chess,com INT"]
[Date "2024.09.10"]
[Round "6"]
[White "Golubovic, Erik"]
[Black "Mohammed, Dilshad"]
[Result "1-0"]
[WhiteElo "2117"]
[BlackElo "2078"]
[PlyCount "65"]
[EventDate "2024.09.10"]
[EventType "swiss (blitz)"]
[EventRounds "11"]
[EventCountry "USA"]
[SourceTitle "EXT 2025"]
[Source "ChessBase"]
[SourceDate "2024.10.14"]
[SourceVersion "1"]
[SourceVersionDate "2024.10.14"]
[SourceQuality "1"]

1. d4 d5 2. c4 e6 3. Nf3 Nf6 4. g3 b6 5. Bg2 Bb7 6. cxd5 exd5 7. 0-0 Be7 8. Nc3 0-0 9. Bf4 Nbd7 10. Ne5 c5 11. dxc5 Nxc5 12. Nf3 Nce4 13. Be5 Rc8 14. Rc1 h6 15. Bd4 a6 16. a3 b5 17. Qb3 Rc4 18. Rcd1 Bd6 19. e3 Qe7 20. Nd2 Nxd2 21. Rxd2 Rfc8 22. Bxf6 Qxf6 23. Bxd5 Bxd5 24. Nxd5 Qf3 25. Nb6 Bf8 26. Nxc8 Rxc8 27. Qd5 Qf6 28. Qd7 Rb8 29. Kg2 h5 30. h4 g6 31. Rfd1 Bg7 32. Qd6 Qf5 33. Qxb8+ 1-0

[Event "Titled Tuesday intern op 10th Sep Early"]
[Site "Chess,com INT"]
[Date "2024.09.10"]
[Round "7"]
[White "Mohammed, Dilshad"]
[Black "Boraso, Alessio"]
[Result "0-1"]
[WhiteElo "2078"]
[BlackElo "2243"]
[PlyCount "88"]
[EventDate "2024.09.10"]
[EventType "swiss (blitz)"]
[EventRounds "11"]
[EventCountry "USA"]
[SourceTitle "EXT 2025"]
[Source "ChessBase"]
[SourceDate "2024.10.14"]
[SourceVersion "1"]
[SourceVersionDate "2024.10.14"]
[SourceQuality "1"]

1. Nf3 d6 2. d4 g6 3. h4 h6 4. h5 g5 5. e4 Bg7 6. Bc4 c6 7. Bxg5 hxg5 8. Nxg5 Qa5+ 9. Qd2 Qxd2+ 10. Nxd2 e6 11. c3 d5 12. Bd3 Nf6 13. e5 Nxh5 14. g3 Ke7 15. Be2 f6 16. exf6+ Nxf6 17. Rxh8 Bxh8 18. 0-0-0 Bd7 19. Rh1 Bg7 20. f4 Be8 21. Bd3 Nbd7 22. Ndf3 Bh5 23. Ne5 Rh8 24. Re1 Nxe5 25. Rxe5 Bg4 26. Re1 Bh6 27. Nxe6 Bxe6 28. Bf5 Ne4 29. Bxe4 dxe4 30. Rxe4 Kf6 31. Re3 Rg8 32. Kc2 Bf5+ 33. Kb3 Be6+ 34. Ka3 Bf8+ 35. b4 a5 36. Ka4 axb4 37. cxb4 Bxa2 38. Ka5 Bd6 39. Kb6 Bxb4 40. Kxb7 Bd5 41. Kb6 Bd6 42. Kb7 Rb8+ 43. Ka7 Rb3 44. Re8 Rxg3 0-1

[Event "Titled Tuesday intern op 03rd Sep Late"]
[Site "Chess.com INT"]
[Date "2024.09.03"]
[Round "1"]
[White "Martin Fuentes, Alberto"]
[Black "Mohammed, Dilshad"]
[Result "0-1"]
[WhiteElo "2375"]
[BlackElo "2078"]
[PlyCount "174"]
[EventDate "2024.09.03"]
[EventType "swiss (blitz)"]
[EventRounds "11"]
[EventCountry "USA"]
[SourceTitle "EXT 2025"]
[Source "ChessBase"]
[SourceDate "2024.10.14"]
[SourceVersion "1"]
[SourceVersionDate "2024.10.14"]
[SourceQuality "1"]

1. e4 e5 2. Nf3 Nc6 3. d4 exd4 4. Bc4 Nf6 5. 0-0 Nxe4 6. Re1 d5 7. Bxd5 Qxd5 8. Nc3 Qd8 9. Rxe4+ Be7 10. Nxd4 0-0 11. Nxc6 bxc6 12. Qxd8 Bxd8 13. Bf4 Rb8 14. Na4 Bf5 15. Rc4 Be6 16. Rxc6 Rb4 17. Bxc7 Bxc7 18. Rxc7 Rxa4 19. b3 Ra6 20. h3 Rd8 21. a4 g6 22. Re1 Rd2 23. Re3 Rd1+ 24. Kh2 Rd2 25. Kg3 Rad6 26. Rec3 Rd7 27. Rxd7 Rxd7 28. Rc6 h5 29. b4 h4+ 30. Kh2 Rd2 31. f3 Kg7 32. Kg1 Kf6 33. b5 Ke5 34. a5 Kf4 35. b6 axb6 36. axb6 Ke3 37. b7 Rd1+ 38. Kh2 Rb1 39. Rc7 Bd5 40. c4 Bxb7 41. c5 f5 42. Rg7 Rb5 43. Rxg6 Rxc5 44. Rh6 Rc2 45. Kg1 Rc4 46. Rf6 Kf4 47. Kh2 Rc2 48. Kg1 Kg3 49. Rg6+ Kf4 50. Rg8 Bc6 51. Rh8 Bd5 52. Rh7 Bc6 53. Rh6 Kg5 54. Rh8 Rc1+ 55. Kh2 Bb7 56. Rh7 Bd5 57. Rg7+ Kf6 58. Rh7 Rc4 59. Rd7 Bc6 60. Rd8 Rc2 61. Kg1 Ke5 62. Rh8 Kf4 63. Rg8 Bxf3 64. gxf3 Kxf3 65. Rg7 f4 66. Rg8 Rc5 67. Rg7 Rc1+ 68. Kh2 Rf1 69. Rg4 Rf2+ 70. Kg1 Ra2 71. Rxh4 Ke3 72. Rh8 Ra1+ 73. Kh2 Kf2 74. Rf8 f3 75. h4 Ra4 76. Kh3 Ke2 77. Re8+ Kf1 78. Rf8 f2 79. h5 Kg1 80. Rg8+ Kh1 81. Rf8 Ra3+ 82. Kh4 Kg2 83. h6 Rf3 84. Rg8+ Kh2 85. h7 f1Q 86. Rg4 Rh3+ 87. Kg5 Rxh7 0-1

[Event "Titled Tuesday intern op 03rd Sep Late"]
[Site "Chess.com INT"]
[Date "2024.09.03"]
[Round "2"]
[White "Pershin, Denis"]
[Black "Mohammed, Dilshad"]
[Result "0-1"]
[WhiteElo "2358"]
[BlackElo "2078"]
[PlyCount "108"]
[EventDate "2024.09.03"]
[EventType "swiss (blitz)"]
[EventRounds "11"]
[EventCountry "USA"]
[SourceTitle "EXT 2025"]
[Source "ChessBase"]
[SourceDate "2024.10.14"]
[SourceVersion "1"]
[SourceVersionDate "2024.10.14"]
[SourceQuality "1"]

1. d4 Nf6 2. Nc3 d5 3. Bf4 g6 4. e3 Bg7 5. Nb5 Na6 6. h4 h5 7. Nf3 c6 8. Nc3 Bh6 9. Bxh6 Rxh6 10. Bxa6 bxa6 11. Ne5 Qc7 12. Na4 Nd7 13. Nxd7 Bxd7 14. Nc5 Bc8 15. Qf3 Rb8 16. b3 Qa5+ 17. Ke2 Bg4 18. Nd3 Qc3 19. Rhc1 a5 20. a4 Rh8 21. Ne5 Bxf3+ 22. gxf3 c5 23. Nc6 Rb6 24. Nxa7 cxd4 25. Nb5 Qc8 26. exd4 Re6+ 27. Kf1 Rf6 28. Re1 Qh3+ 29. Ke2 Qxf3+ 30. Kd2 Qxf2+ 31. Re2 Qf4+ 32. Kc3 Kd7 33. Rae1 Rc8+ 34. Kb2 e6 35. Re3 Qxh4 36. Rd1 Rf2 37. Nc3 Qf4 38. Red3 h4 39. Rh1 g5 40. Rc1 g4 41. Nd1 Rf1 42. c4 Rf3 43. Rdc3 Rxc3 44. Nxc3 dxc4 45. d5 cxb3 46. dxe6+ fxe6 47. Rd1+ Ke7 48. Re1 Qd2+ 49. Ka3 Qxe1 50. Nb1 Qb4+ 51. Kb2 Rc2+ 52. Ka1 Qd4+ 53. Nc3 Qxc3+ 54. Kb1 Qb2# 0-1

[Event "Titled Tuesday intern op 28th Feb Early"]
[Site "Chess.com INT"]
[Date "2023.02.28"]
[Round "7"]
[White "Mohammed, Dilshad"]
[Black "Jakubowski, Krzysztof"]
[Result "0-1"]
[WhiteElo "2103"]
[BlackElo "2475"]
[PlyCount "136"]
[EventDate "2023.02.28"]
[EventType "swiss (blitz)"]
[EventRounds "11"]
[EventCountry "USA"]
[SourceTitle "CBM 213 Extra"]
[Source "ChessBase"]
[SourceDate "2023.05.31"]
[SourceVersion "1"]
[SourceVersionDate "2023.05.31"]
[SourceQuality "1"]

1. Nf3 Nf6 2. c4 b6 3. g3 Bb7 4. Bg2 c5 5. 0-0 g6 6. d4 cxd4 7. Nxd4 Bxg2 8. Kxg2 Bg7 9. f3 0-0 10. e4 Qc8 11. b3 e6 12. Bb2 d5 13. cxd5 exd5 14. e5 Nfd7 15. f4 Nc6 16. Nc3 Rd8 17. Ndb5 d4 18. Ne4 Nc5 19. Nbd6 Qa6 20. Nxc5 bxc5 21. Rc1 Nb4 22. Rxc5 Qxa2 23. Rf2 d3 24. Rc7 Qa5 25. Rc4 Rab8 26. Qf3 Nc2 27. Bc3 Qxc3 28. Rxc3 Ne1+ 29. Kf1 Nxf3 30. Rxf3 Rxd6 31. exd6 Bxc3 32. Rxd3 Bb4 33. d7 Rd8 34. Ke2 a5 35. Kf3 Kf8 36. f5 gxf5 37. Kf4 Ke7 38. Kxf5 Rxd7 39. Re3+ Kf8 40. Kf6 Rd6+ 41. Kf5 Kg7 42. h4 Rf6+ 43. Kg4 Rg6+ 44. Kh3 Re6 45. Rd3 h5 46. g4 Kg6 47. gxh5+ Kxh5 48. Rd5+ Kg6 49. Kg4 Re4+ 50. Kg3 f5 51. h5+ Kg5 52. h6 Rg4+ 53. Kf3 Rh4 54. Rd8 Rh3+ 55. Kg2 Rxh6 56. Kg3 f4+ 57. Kf3 Rh3+ 58. Kg2 Rg3+ 59. Kh2 Rxb3 60. Kg2 Kg4 61. Rg8+ Kf5 62. Rd8 Rb2+ 63. Kf3 Rb3+ 64. Kf2 a4 65. Rd5+ Kg4 66. Ke2 a3 67. Rd8 a2 68. Rg8+ Kf5 0-1

[Event "Titled Tuesday intern op 28th Feb Early"]
[Site "Chess.com INT"]
[Date "2023.02.28"]
[Round "4"]
[White "Mohammed, Dilshad"]
[Black "Schut, Han"]
[Result "1-0"]
[WhiteElo "2103"]
[BlackElo "2101"]
[PlyCount "89"]
[EventDate "2023.02.28"]
[EventType "swiss (blitz)"]
[EventRounds "11"]
[EventCountry "USA"]
[SourceTitle "CBM 213 Extra"]
[Source "ChessBase"]
[SourceDate "2023.05.31"]
[SourceVersion "1"]
[SourceVersionDate "2023.05.31"]
[SourceQuality "1"]

1. Nf3 Nf6 2. d4 g6 3. c4 Bg7 4. Nc3 d5 5. cxd5 Nxd5 6. Qa4+ Nc6 7. e4 Nb6 8. Qb3 Nxd4 9. Nxd4 Qxd4 10. Be3 Qd8 11. Rd1 Bd7 12. Be2 0-0 13. 0-0 Qc8 14. Bd4 Be6 15. Qc2 Rd8 16. Bxg7 Kxg7 17. f4 f6 18. a4 Rxd1 19. Rxd1 Qg8 20. Rd4 Rd8 21. Qd2 Rxd4 22. Qxd4 a5 23. g4 Qe8 24. f5 Qd7 25. Qxd7 Bxd7 26. b3 Bc6 27. Bd3 Nd7 28. Kf2 Ne5 29. Be2 b6 30. Ke3 Kf7 31. h4 e6 32. Kf4 exf5 33. exf5 gxf5 34. Kxf5 Bf3 35. Bc4+ Nxc4 36. bxc4 Ke7 37. Nb5 Bc6 38. Nc3 Bb7 39. Nb5 Bc6 40. Nxc7 Bxa4 41. Nd5+ Kf7 42. Nxb6 Bb3 43. Ke4 a4 44. Kd3 a3 45. Kc3 1-0

[Event "Titled Tuesday intern op 28th Feb Early"]
[Site "Chess.com INT"]
[Date "2023.02.28"]
[Round "5"]
[White "Nazari, Arad"]
[Black "Mohammed, Dilshad"]
[Result "1-0"]
[WhiteElo "2379"]
[BlackElo "2103"]
[PlyCount "75"]
[EventDate "2023.02.28"]
[EventType "swiss (blitz)"]
[EventRounds "11"]
[EventCountry "USA"]
[SourceTitle "CBM 213 Extra"]
[Source "ChessBase"]
[SourceDate "2023.05.31"]
[SourceVersion "1"]
[SourceVersionDate "2023.05.31"]
[SourceQuality "1"]

1. e4 e5 2. f4 exf4 3. Nf3 d5 4. exd5 Bd6 5. Nc3 Ne7 6. d4 Ng6 7. Bd3 0-0 8. 0-0 Bg4 9. Ne2 Nd7 10. h3 Bh5 11. c4 b6 12. Qc2 Bxf3 13. Rxf3 Nh4 14. Rxf4 Bxf4 15. Bxf4 Ng6 16. Bg3 Nf6 17. Rf1 Nh5 18. Bh2 Qg5 19. Qc1 Qxc1 20. Rxc1 Rac8 21. Bf5 Rce8 22. Kf2 Nh4 23. Bd3 Re7 24. d6 cxd6 25. Bxd6 Rfe8 26. Bxe7 Rxe7 27. d5 Ng6 28. Bxg6 hxg6 29. b4 Rd7 30. Ke3 b5 31. c5 Rxd5 32. c6 Rd8 33. Nc3 Nf6 34. c7 Rc8 35. Nxb5 a6 36. Rd1 Re8+ 37. Kf3 axb5 38. Rd8 1-0

[Event "Titled Tuesday intern op 31st Jan Early"]
[Site "Chess.com INT"]
[Date "2023.01.31"]
[Round "1"]
[White "Mohammed, Dilshad"]
[Black "Mohammad Fahad, Rahman"]
[Result "0-1"]
[WhiteElo "2103"]
[BlackElo "2379"]
[PlyCount "96"]
[EventDate "2023.01.31"]
[EventType "swiss (blitz)"]
[EventRounds "11"]
[EventCountry "USA"]
[SourceTitle "CBM 212 Extra"]
[Source "ChessBase"]
[SourceDate "2023.03.31"]
[SourceVersion "1"]
[SourceVersionDate "2023.03.31"]
[SourceQuality "1"]

1. Nf3 Nf6 2. c4 c6 3. Nc3 d5 4. e3 g6 5. b3 Bg7 6. Bb2 0-0 7. d4 a6 8. cxd5 Nxd5 9. Bd3 Bg4 10. 0-0 e5 11. Nxd5 Qxd5 12. e4 Qe6 13. dxe5 Rd8 14. Qe2 Nd7 15. h3 Bxf3 16. Qxf3 Nxe5 17. Bxe5 Qxe5 18. Rad1 b5 19. Rc1 c5 20. Rfd1 Rd4 21. Bf1 Rad8 22. Rxd4 Rxd4 23. a4 bxa4 24. bxa4 Rxa4 25. Bc4 Bf6 26. Bxf7+ Kg7 27. Bd5 Ra1 28. Rxa1 Qxa1+ 29. Kh2 Qd4 30. g3 c4 31. Qe2 c3 32. Kg2 Qc5 33. Bb3 a5 34. f4 Qb4 35. Bc2 a4 36. e5 Be7 37. f5 gxf5 38. Bxf5 Qd4 39. Qh5 Qd2+ 40. Kf1 Qh6 41. Qg4+ Qg5 42. Qe4 a3 43. Be6 Qc1+ 44. Kg2 Qd2+ 45. Kf3 c2 46. Qg4+ Qg5 47. Qf4 Qxf4+ 48. gxf4 c1Q 0-1

[Event "Titled Tuesday intern op 10th Jan Early"]
[Site "Chess.com INT"]
[Date "2023.01.10"]
[Round "4"]
[White "Sachdev, Tania"]
[Black "Mohammed, Dilshad"]
[Result "0-1"]
[WhiteElo "2389"]
[BlackElo "2103"]
[PlyCount "108"]
[EventDate "2023.01.10"]
[EventType "swiss (blitz)"]
[EventRounds "11"]
[EventCountry "USA"]
[SourceTitle "EXT 2024"]
[Source "ChessBase"]
[SourceDate "2023.10.10"]
[SourceVersion "1"]
[SourceVersionDate "2023.10.10"]
[SourceQuality "1"]

1. d4 d5 2. c4 e6 3. Nf3 Nf6 4. Nc3 Nbd7 5. cxd5 exd5 6. Bf4 c6 7. h3 Ne4 8. e3 Bb4 9. Qc2 Qa5 10. Rc1 Qxa2 11. Bd3 Bxc3+ 12. bxc3 Qxc2 13. Rxc2 Ndf6 14. 0-0 0-0 15. Rb1 h6 16. c4 dxc4 17. Rxc4 Re8 18. Be5 a5 19. Rc2 a4 20. Ne1 a3 21. h4 a2 22. Ra1 Be6 23. f3 Nd5 24. fxe4 Nxe3 25. Rb2 b5 26. d5 cxd5 27. Bxb5 Rec8 28. Rbxa2 Rxa2 29. Rxa2 dxe4 30. Re2 Ng4 31. Bd4 f5 32. Rc2 Rd8 33. Bc4 Kf7 34. Bxe6+ Kxe6 35. Bxg7 Rd1 36. Re2 h5 37. Bc3 e3 38. g3 Kd5 39. Kg2 Ke4 40. Ra2 Kd5 41. Nf3 Kc4 42. Ba5 Kb3 43. Re2 Kc4 44. Rb2 Ra1 45. Bc7 Kc3 46. Rb8 Ra2+ 47. Kg1 Ra1+ 48. Kg2 Ra2+ 49. Kg1 Kd3 50. Rd8+ Ke2 51. Nd4+ Kd3 52. Nxf5+ Ke4 53. Nd6+ Kf3 54. Nf5 Ra1+ 0-1

[Event "Titled Tuesday intern op 20th Dec Early"]
[Site "Chess.com INT"]
[Date "2022.12.20"]
[Round "2"]
[White "Kuchava, Ana"]
[Black "Mohammed, Dilshad"]
[Result "0-1"]
[WhiteElo "2101"]
[BlackElo "2103"]
[PlyCount "54"]
[EventDate "2022.12.20"]
[EventType "swiss (blitz)"]
[EventRounds "11"]
[EventCountry "USA"]
[SourceTitle "EXT 2024"]
[Source "ChessBase"]
[SourceDate "2023.10.10"]
[SourceVersion "1"]
[SourceVersionDate "2023.10.10"]
[SourceQuality "1"]

1. d4 d5 2. Nf3 Nf6 3. c4 e6 4. Nc3 Be7 5. Bf4 0-0 6. e3 b6 7. Bd3 Bb7 8. 0-0 Nbd7 9. Rc1 c5 10. cxd5 Nxd5 11. Bg3 cxd4 12. Nxd4 a6 13. e4 Nxc3 14. Rxc3 Nc5 15. e5 g6 16. Be2 Ne4 17. Rd3 Qc7 18. f4 Nxg3 19. hxg3 Rfd8 20. Kh2 Rac8 21. Bf3 Bd5 22. Bxd5 Rxd5 23. Ne2 Rcd8 24. Rxd5 Rxd5 25. Qb3 Rd2 26. Nc3 Qc6 27. Rg1 Bc5 0-1

[Event "Titled Tuesday intern op 20th Dec Early"]
[Site "Chess.com INT"]
[Date "2022.12.20"]
[Round "6"]
[White "Mohammed, Dilshad"]
[Black "Martin, Lewis"]
[Result "1-0"]
[WhiteElo "2103"]
[BlackElo "2135"]
[PlyCount "81"]
[EventDate "2022.12.20"]
[EventType "swiss (blitz)"]
[EventRounds "11"]
[EventCountry "USA"]
[SourceTitle "EXT 2024"]
[Source "ChessBase"]
[SourceDate "2023.10.10"]
[SourceVersion "1"]
[SourceVersionDate "2023.10.10"]
[SourceQuality "1"]

1. Nf3 Nf6 2. c4 c6 3. Nc3 d5 4. e3 e6 5. cxd5 exd5 6. d4 Bd6 7. h3 0-0 8. Qc2 Re8 9. Bd3 Na6 10. a3 Nc7 11. 0-0 Bd7 12. Bd2 Rc8 13. b4 h6 14. Rfe1 a6 15. Rac1 Nb5 16. Nb1 Bb8 17. a4 Nd6 18. Ne5 Nde4 19. f4 Bf5 20. Nc3 Bh7 21. Nxe4 Nxe4 22. Re2 f6 23. Ng4 Bd6 24. Be1 Qe7 25. Qb3 h5 26. Nh2 Kh8 27. Nf3 Qc7 28. Qd1 Qf7 29. Rb1 b5 30. a5 Bb8 31. Rc2 Nd6 32. Bf2 Nc4 33. Bxh7 Kxh7 34. Rb3 Re7 35. f5 Rce8 36. Nh4 Nxe3 37. Bxe3 Rxe3 38. Rxe3 Rxe3 39. Ng6 Re4 40. Qxh5+ Kg8 41. Qh8# 1-0

[Event "Titled Tuesday intern op 13th Dec Early"]
[Site "Chess.com INT"]
[Date "2022.12.13"]
[Round "1"]
[White "Mohammed, Dilshad"]
[Black "Rakhmanov, Alexander"]
[Result "0-1"]
[WhiteElo "2103"]
[BlackElo "2630"]
[PlyCount "112"]
[EventDate "2022.12.13"]
[EventType "swiss (blitz)"]
[EventRounds "11"]
[EventCountry "USA"]
[SourceTitle "EXT 2024"]
[Source "ChessBase"]
[SourceDate "2023.10.10"]
[SourceVersion "1"]
[SourceVersionDate "2023.10.10"]
[SourceQuality "1"]

1. Nf3 Nf6 2. c4 d6 3. Nc3 e5 4. g3 Be6 5. d3 h6 6. Bg2 Nbd7 7. 0-0 c6 8. b3 d5 9. cxd5 cxd5 10. Bb2 d4 11. Nb1 Be7 12. Nbd2 0-0 13. Nc4 Qb8 14. Rc1 Rc8 15. h3 Nd5 16. a3 a6 17. Qd2 f6 18. Nh4 Bf8 19. Ng6 b5 20. Na5 Qb6 21. b4 Bd6 22. Rxc8+ Rxc8 23. Rc1 Rxc1+ 24. Qxc1 Qc7 25. Qxc7 Nxc7 26. Nb7 Bf8 27. Bc6 Nb6 28. Bc1 Bd5 29. Bxd5+ Nbxd5 30. Nxf8 Kxf8 31. Nc5 Ke7 32. Kf1 Kd6 33. Bd2 Kc6 34. Ke1 a5 35. Kd1 a4 36. Kc2 f5 37. h4 Kd6 38. Nb7+ Ke7 39. Nc5 Kf6 40. Nd7+ Ke6 41. Nc5+ Ke7 42. Be1 Ne6 43. Nxe6 Kxe6 44. Bd2 Kf6 45. f3 g5 46. hxg5+ hxg5 47. Kd1 g4 48. fxg4 fxg4 49. Ke1 Kf5 50. Kf2 e4 51. dxe4+ Kxe4 52. Bc1 Nb6 53. Ke1 Nc4 54. Kf2 d3 55. exd3+ Kxd3 56. Ke1 Kc2 0-1

[Event "Titled Tuesday intern op 29th Nov Early"]
[Site "Chess.com INT"]
[Date "2022.11.29"]
[Round "1"]
[White "Matinian, Nikita"]
[Black "Mohammed, Dilshad"]
[Result "1/2-1/2"]
[WhiteElo "2425"]
[BlackElo "2103"]
[PlyCount "114"]
[EventDate "2022.11.29"]
[EventType "swiss (blitz)"]
[EventRounds "11"]
[EventCountry "USA"]
[SourceTitle "EXT 2024"]
[Source "ChessBase"]
[SourceDate "2023.10.10"]
[SourceVersion "1"]
[SourceVersionDate "2023.10.10"]
[SourceQuality "1"]

1. e4 e5 2. Nf3 Nc6 3. Bb5 a6 4. Ba4 Nf6 5. d3 d6 6. c3 g6 7. 0-0 Bg7 8. Re1 0-0 9. Nbd2 b5 10. Bc2 Nd7 11. Nf1 Nc5 12. Ng3 Ne6 13. a4 Bb7 14. axb5 axb5 15. Rxa8 Bxa8 16. h4 h5 17. Ng5 Nxg5 18. Bxg5 Qd7 19. Qf3 Nd8 20. Bf6 Ne6 21. Bxg7 Kxg7 22. Ne2 Qe7 23. Qg3 Bc6 24. d4 exd4 25. cxd4 d5 26. exd5 Bxd5 27. Nf4 Qd6 28. Nxh5+ Kh8 29. Qe3 Kh7 30. Nf6+ Kg7 31. Qe5 Qxe5 32. dxe5 Rd8 33. h5 gxh5 34. Nxh5+ Kh6 35. Nf6 Bb7 36. Be4 Bxe4 37. Rxe4 Kg6 38. g4 Ng5 39. Rb4 Nf3+ 40. Kg2 Nxe5 41. Ne4 c6 42. Ng3 Rd2 43. Ne4 Re2 44. Kg3 f5 45. gxf5+ Kxf5 46. Nd6+ Ke6 47. Ne4 Nd3 48. Rb3 Nxb2 49. Ng5+ Kf5 50. Nf3 Kf6 51. Nd4 Rd2 52. Nxc6 Rd3+ 53. Rxd3 Nxd3 54. f3 b4 55. Nxb4 Nxb4 56. f4 Nd5 57. Kg4 Nxf4 1/2-1/2